Máquinas eléctricas
Salvato in:
| Autore principale: | |
|---|---|
| Natura: | Libro |
| Lingua: | Spanish |
| Pubblicazione: |
España : Mc Graw Hill
1989
|
| Soggetti: | |
| Tags: |
Aggiungi Tag
Nessun Tag, puoi essere il primo ad aggiungerne!!
|
MARC
| LEADER | 00000nam a2200000Ia 4500 | ||
|---|---|---|---|
| 003 | L000750 | ||
| 005 | 20221231143937.0 | ||
| 008 | 140114s1989 sp a 000 ||spa d | ||
| 040 | |c cru CEDI | ||
| 082 | |a 621.313 S194m | ||
| 100 | |a Sanjurjo Navarro, Rafael |9 19546 | ||
| 245 | |a Máquinas eléctricas | ||
| 260 | |a España : Mc Graw Hill |c 1989 | ||
| 300 | |a x,387 páginas; ilustraciones | ||
| 650 | |x MAQUINAS ELECTRICAS |9 19547 | ||
| 942 | |2 ddc |c BK | ||
| 999 | |c 14580 |d 14580 | ||
